000 00639nam a2200217Ia 4500
003 OSt
005 20220923230913.0
006 a|||||r|||| 00| 0
007 ta
008 Pun
024 _a306,325
037 _cTextual
040 _aARTS
_cARTS
_bPun
041 _2Pun
_aPun
082 _aQ8441wI69, 153L2
100 _aਦੁਸਾਂਝ, ਸੁਰਿੰਦਰ ਸਿੰਘ
245 0 _aਗੁਰੂ ਤੇਗ ਬਹਾਦਰ ਬਾਰੇ ਸੱਚ ਦੀ ਖੋਜ
260 _c1972
942 _hQ8441wI69, 153L2
_cTEXL
_2CC
999 _c388111
_d388111